Der Brahm, Gustavia, Grünschwade - drei vergessene Häfen Rügens und Vorpommerns und ihre Bedeutung für die Kleinschiffahrt

Titel: Der Brahm, Gustavia, Grünschwade - drei vergessene Häfen Rügens und Vorpommerns und ihre Bedeutung für die Kleinschiffahrt
Verfasser:
In: Schutz des Kulturerbes unter Wasser, (2000), Seite 417-421
alle Artikel anzeigen
Veröffentlicht: 2000
Format: Aufsatz
Sprache: Deutsch
Kein Bild verfügbar
X
alg: 39165487
001A    $01999:11-11-16 
001B    $01999:25-04-21 $t10:53:38.000 
001D    $01999:11-11-16 
001U    $0utf8 
001X    $00 
002@    $0Aox 
003@    $039165487X 
007A    $039165487X $aHEB 
007T    $0Herd35921 
010@    $ager 
011@    $a2000 
021A    $aDer @Brahm, Gustavia, Grünschwade - drei vergessene Häfen Rügens und Vorpommerns und ihre Bedeutung für die Kleinschiffahrt 
028A    $aKrüger $dJoachim 
031A    $h417-421 $j2000 
037A    $aBrahm am Kleinen Jasmunder Bodden, östlich Bergen/Rügen; Gustavia 1806-1809 geplanter schwedischer Hafen auf Mönchgut/Rügen; Grünschwade bei Wolgast an der Peenemündung 
037A    $aBrahm przy Kleiner Jasmunder Bodden, na wschód od Bergen na Rugii; Gustavia 1806-1809 planowany port szwedzki w Mönchgut na Rugii; Grünschwade przy Wolgaście nad ujściem Piany  
037A    $aengl. Res. 420 
039B    $aIn $8--Aau--. Schutz des Kulturerbes unter Wasser. - Lübstorf : Archäologisches Landesmuseum Mecklenburg-Vorpommern, 2000. - 623 S.. - zahlr. Ill., graph. Darst., Kt. $x200000000000000583 $9098534580 
045F    $a330.0943816 $eDDC23BSB 
045F/01 $a330.09 
045F/03 $g43816 

lok: 39165487 78

exp: 39165487 78 1 #EPN
201B/01 $019-04-17 $t10:19:15.000 
201U/01 $0utf8 
203@/01 $0787749443 
208@/01 $a11-11-16 $be 
209A/01 $a/ $f000 $x00 
220C/01 $aTitelaufnehmer: cs 
244Z/01 $2Trx $#Pomeranija $#Pommern $#Pomoransko $#Pomořansko $#Hinterpommern;Vorpommern;Mittelpommern $#Pomorze Środkowe;Pomorze Przednie $#Pomořansko;Západní Pomořany; Pomořany $8--Trx--Pomorze Zachodnie $x01 $9391303775 
244Z/01 $2Trx $8--Trx--Brahm$gRügen $x02 $9391140213 
244Z/01 $2Trx $8--Trx--Grünschwade bei Freest $x03 $9391136887 
244Z/01 $2Trx $8--Trx--Gustavia$gRügen $x04 $9391136909 
244Z/01 $aGeschichte 1580-1900 $x05 
244Z/01 $2Trx $#sadamad $#uostai $#ports $#kikötök $#porty $#prístavy $#přístavy $8--Trx--Häfen $x06 $9391360663 
244Z/01 $2Trx $#laeva sõit $#jūreivystė $#shipping $#hajóutazás $#żegluga $#doprava lodná $#doprava lodní $#Seefahrt $#doprava námorná $#doprava námořní $8--Trx--Schifffahrt $x07 $9391380680 
244Z/01 $2Trx $8--Trx--Einzelbeiträge $x08 $9391384570 
245Z/01 $a13.02 $x01 
245Z/01 $a09.05 $x02 
247C/01 $82080>Marburg/Lahn, Herder-Institut, Forschungsbibliothek, Bibliographieportal $9336309341
LEADER 00000caa a22000002c 4500
001 39165487X
003 DE-603
005 20210425105338.0
007 tu
008 161111s2000 xx |||| | u00||u|ger c
035 |a (DE-599)HEB39165487X 
040 |a DE-603  |b ger  |c DE-603  |d DE-603 
041 |a ger 
082 0 4 |8 1\u  |a 330.0943816  |q DE-101  |2 23/BSB 
085 |8 1\u  |b 330.09 
085 |8 1\u  |z 2  |s 43816 
100 1 |a Krüger, Joachim 
245 0 0 |a ˜Derœ Brahm, Gustavia, Grünschwade - drei vergessene Häfen Rügens und Vorpommerns und ihre Bedeutung für die Kleinschiffahrt 
264 0 |c 2000 
500 |a Brahm am Kleinen Jasmunder Bodden, östlich Bergen/Rügen; Gustavia 1806-1809 geplanter schwedischer Hafen auf Mönchgut/Rügen; Grünschwade bei Wolgast an der Peenemündung 
500 |a Brahm przy Kleiner Jasmunder Bodden, na wschód od Bergen na Rugii; Gustavia 1806-1809 planowany port szwedzki w Mönchgut na Rugii; Grünschwade przy Wolgaście nad ujściem Piany <pol> 
500 |a engl. Res. 420 
773 0 8 |i In  |t Schutz des Kulturerbes unter Wasser  |d Lübstorf : Archäologisches Landesmuseum Mecklenburg-Vorpommern, 2000  |h 623 S., zahlr. Ill., graph. Darst., Kt.  |g (2000), Seite 417-421  |w (DE-603)098534580 
924 0 |9 2080  |a (DE-603)787749443  |b DE-2080  |c HES  |d d  |g /